Άπαντα : ποίηση, πεζός λόγος, μελετήματα, γράμματα

Αποθηκεύτηκε σε:
Λεπτομέρειες βιβλιογραφικής εγγραφής
Κύριος συγγραφέας: Κρυστάλλης, Κώστας, 1868-1894
Άλλοι συγγραφείς: Πορφύρης, Κ., 1910-1967 (Συγγραφέας εισαγωγής κ.λπ.)
Μορφή: Βιβλίο
Γλώσσα:Greek
Δημοσίευση: [Αθήνα] : Αυλός, [μεταξύ 1950 και 1970]
Θέματα:
Ετικέτες: Προσθήκη ετικέτας
Δεν υπάρχουν, Καταχωρήστε ετικέτα πρώτοι!

MARC

LEADER 00000cam a2200000 a 4500
001 1/118311
008 190327q19501970gr | ||| |||| ||gre||
040 |a GR-MyUa  |b gre  |c GR-MyUa  |e AACR2 
041 0 |a gre 
082 7 |a 889.1   |2 (23) 
100 1 |a Κρυστάλλης, Κώστας,   |d 1868-1894. 
245 1 0 |a Άπαντα :   |b ποίηση, πεζός λόγος, μελετήματα, γράμματα /   |c Κώστα Κρυστάλλη ; εισαγωγή, κατάταξη, σχόλια Κ. Πορφύρη. 
260 |a [Αθήνα] :   |b Αυλός,   |c [μεταξύ 1950 και 1970] 
300 |a κθ, 659 σ. ;   |c 25 εκ.  
504 |a Περιλαμβάνει βιβλιογραφικές παραπομπές. 
600 1 0 |a Κρυστάλλης, Κώστας,   |d 1868-1894. 
650 0 |a Greek literature. 
700 1 |a Πορφύρης, Κ.,   |d 1910-1967,  |e aui 
852 |a INST  |b SYROS  |e 20190327  |h 889.1 ΚΡΥ  |p 005500013722  |q 005500013722  |t BK  |y 0